[Event "Open Letní Praha 2018 - A"]
[Site "Praha"]
[Date "2018.08.07"]
[Round "6"]
[Board "2"]
[White "Plischki, Sebastian"]
[Black "Gan-Erdene, Sugar"]
[Result "1-0"]
[WhiteElo "2407"]
[BlackElo "2309"]
[PlyCount "161"]
[EventDate "2018.08.03"]
[EventRounds "9"]
[EventCountry "CZE"]

1. d4 Nf6 2. c4 g6 3. g3 Bg7 4. Bg2 O-O 5. Nc3 d6 6. Nf3 Nc6 7. O-O Bf5 8. d5
Na5 9. Nd2 c5 10. e4 Bd7 11. Qc2 a6 12. b3 b5 13. Bb2 Rb8 14. Rab1 e6 15. Nd1
exd5 16. cxd5 Re8 17. Ne3 Rc8 18. Bc3 Ng4 19. Nxg4 Bxg4 20. Bxg7 Kxg7 21. Rfe1
Qf6 22. Re3 c4 23. b4 c3 24. bxa5 cxd2 25. Qxd2 Rc4 26. h3 Bd7 27. Rc1 Rec8 28.
Rxc4 Rxc4 29. f4 Qa1+ 30. Kh2 Ra4 31. a3 Rd4 32. Qc3 Qxc3 33. Rxc3 Rc4 34. Re3
f6 35. h4 Kf7 36. Bf3 Ra4 37. g4 h6 38. g5 hxg5 39. hxg5 fxg5 40. fxg5 Rxa5 41.
Bd1 Ke7 42. Kg3 b4 43. axb4 Rb5 44. Be2 Rxb4 45. Bxa6 Rb1 46. Be2 Rg1+ 47. Kf4
Re1 48. Bf3 Rf1 49. e5 Ba4 50. e6 Bd1 51. Ke4 Bxf3+ 52. Rxf3 Re1+ 53. Kd4 Rd1+
54. Kc4 Rc1+ 55. Rc3 Rb1 56. Rc2 Rd1 57. Ra2 Rc1+ 58. Kd4 Rd1+ 59. Ke4 Re1+ 60.
Kd3 Rd1+ 61. Rd2 Rg1 62. Rf2 Rd1+ 63. Rd2 Rg1 64. Rh2 Rd1+ 65. Ke4 Re1+ 66. Kf3
Rf1+ 67. Ke4 Re1+ 68. Kd4 Rd1+ 69. Kc4 Rc1+ 70. Kb3 Rd1 71. Rh7+ Ke8 72. Kc4
Rc1+ 73. Kb5 Rc5+ 74. Kb6 Kf8 75. Ra7 Ke8 76. Ra5 Rc1 77. Ra8+ Ke7 78. Ra7+ Ke8
79. Rc7 Ra1 80. Rd7 Rg1 81. Kc6  1-0

[Event "Open Letní Praha 2018 - A"]
[Site "Praha"]
[Date "2018.08.07"]
[Round "6"]
[Board "3"]
[White "Becker, Matthias"]
[Black "Berchtenbreiter, Maximilian"]
[Result "0-1"]
[WhiteElo "2254"]
[BlackElo "2430"]
[PlyCount "76"]
[EventDate "2018.08.03"]
[EventRounds "9"]
[EventCountry "CZE"]

1. e4 e5 2. Nf3 Nc6 3. Bc4 Nf6 4. d3 Bc5 5. c3 a6 6. Bb3 Ba7 7. h3 h6 8. Nbd2
O-O 9. g4 d5 10. Qe2 Be6 11. Nf1 Na5 12. g5 Nxb3 13. axb3 dxe4 14. dxe4 Nd7 15.
Be3 Bxe3 16. Nxe3 hxg5 17. Rg1 Bxb3 18. Nxg5 f6 19. Ra3 fxg5 20. Rxb3 b5 21.
Ra3 Nc5 22. Nd5 c6 23. Qe3 Nxe4 24. Ne7+ Qxe7 25. Qxe4 Qc5 26. Qe3 Qxe3+ 27.
fxe3 Rf3 28. Ke2 Rxh3 29. Kd3 Kf7 30. Rga1 Ke6 31. Rxa6 Rxa6 32. Rxa6 Kd5 33.
Ra7 e4+ 34. Kd2 Rh2+ 35. Kc1 Kc4 36. Rd7 g4 37. Rxg7 Rg2 38. Rd7 g3  0-1

[Event "Open Letní Praha 2018 - A"]
[Site "Praha"]
[Date "2018.08.07"]
[Round "6"]
[Board "4"]
[White "Gasanov, Eldar"]
[Black "Zlatin, Alexander"]
[Result "1-0"]
[WhiteElo "2481"]
[BlackElo "2193"]
[PlyCount "81"]
[EventDate "2018.08.03"]
[EventRounds "9"]
[EventCountry "CZE"]

1. d4 Nf6 2. c4 e6 3. Nc3 Bb4 4. Nf3 O-O 5. Bg5 h6 6. Bh4 d5 7. e3 c5 8. cxd5
g5 9. Bg3 Ne4 10. dxe6 Bxe6 11. Qc2 Bf5 12. Bd3 Re8 13. O-O Bxc3 14. bxc3 c4
15. Bxe4 Bxe4 16. Qd1 Nd7 17. Ne5 Nxe5 18. Bxe5 f6 19. Bg3 b5 20. f3 Bd3 21.
Re1 a5 22. Qd2 Qe7 23. e4 b4 24. d5 Kh7 25. h3 f5 26. d6 Qg7 27. e5 g4 28. fxg4
fxg4 29. h4 Rab8 30. e6 bxc3 31. Qe3 Bf5 32. d7 Rxe6 33. Bxb8 Rxe3 34. d8=Q c2
35. Bf4 Re4 36. Qc7 Bd7 37. Rxe4 Qxa1+ 38. Kh2 g3+ 39. Bxg3 c1=Q 40. Qxd7+ Qg7
41. Qf5+  1-0

[Event "Open Letní Praha 2018 - A"]
[Site "Praha"]
[Date "2018.08.07"]
[Round "6"]
[Board "5"]
[White "Olson, Hamish"]
[Black "Jurcik, Marian"]
[Result "1/2-1/2"]
[WhiteElo "2241"]
[BlackElo "2455"]
[PlyCount "84"]
[EventDate "2018.08.03"]
[EventRounds "9"]
[EventCountry "CZE"]

1. d4 Nf6 2. Nf3 g6 3. Nbd2 Bg7 4. e4 d6 5. c3 O-O 6. Be2 c5 7. dxc5 dxc5 8.
O-O Nc6 9. Qc2 Qc7 10. Re1 b6 11. a4 Bb7 12. Nc4 Nd8 13. Bf1 Ne6 14. Ng5 Nxg5
15. Bxg5 Ng4 16. g3 Bc6 17. Bf4 Qb7 18. a5 Nf6 19. Bg2 Nh5 20. Bg5 Qc7 21. axb6
axb6 22. Rxa8 Rxa8 23. Ne3 f6 24. Nd5 Qb7 25. Bc1 e6 26. Ne3 b5 27. b3 Ra1 28.
Bd2 Rxe1+ 29. Bxe1 Qd7 30. Qd1 Qxd1 31. Nxd1 Bf8 32. f3 f5 33. exf5 gxf5 34. c4
Nf6 35. Bf2 Kf7 36. Nb2 Nd7 37. f4 Bxg2 38. Kxg2 Bg7 39. Nd3 bxc4 40. bxc4 Nb6
41. Bxc5 Nxc4 42. Bb4 Nb2  1/2-1/2

[Event "Open Letní Praha 2018 - A"]
[Site "Praha"]
[Date "2018.08.07"]
[Round "6"]
[Board "6"]
[White "Neuman, Petr"]
[Black "Toman, Ondrej"]
[Result "1-0"]
[WhiteElo "2446"]
[BlackElo "2231"]
[PlyCount "75"]
[EventDate "2018.08.03"]
[EventRounds "9"]
[EventCountry "CZE"]

1. e4 c6 2. Nf3 d5 3. Nc3 Bg4 4. h3 Bxf3 5. Qxf3 e6 6. d3 Nf6 7. Bd2 Bd6 8. g3
Nbd7 9. Bg2 O-O 10. O-O Qb6 11. Rab1 Qa6 12. a3 d4 13. Nd1 Qa4 14. Rc1 c5 15.
Qe2 e5 16. f4 c4 17. dxc4 Rac8 18. b3 Qxa3 19. Nf2 Nc5 20. b4 Na4 21. c5 Bb8
22. Nd3 Nc3 23. Qe1 Qa4 24. Bxc3 dxc3 25. Qxc3 a5 26. fxe5 axb4 27. Qc4 Nd7 28.
e6 fxe6 29. Qxe6+ Kh8 30. Rxf8+ Rxf8 31. Rf1 Bxg3 32. e5 Rxf1+ 33. Bxf1 g6 34.
Be2 Kg7 35. Qe7+ Kh6 36. e6 Ne5 37. Qf8+ Kg5 38. h4+  1-0

[Event "Open Letní Praha 2018 - A"]
[Site "Praha"]
[Date "2018.08.07"]
[Round "6"]
[Board "7"]
[White "Ajay Krishna, S"]
[Black "Olsarova, Karolina"]
[Result "1/2-1/2"]
[WhiteElo "2200"]
[BlackElo "2331"]
[PlyCount "73"]
[EventDate "2018.08.03"]
[EventRounds "9"]
[EventCountry "CZE"]

1. Nf3 d5 2. c4 c6 3. g3 Nf6 4. Bg2 Bg4 5. Ne5 Be6 6. cxd5 Bxd5 7. Nf3 c5 8.
Nc3 Bc6 9. O-O e6 10. d3 Be7 11. e4 O-O 12. Ne5 Nfd7 13. Nxc6 Nxc6 14. f4 Nb6
15. Qe2 e5 16. Be3 Nd4 17. Qf2 Bf6 18. Rac1 Rc8 19. Bh3 Rc6 20. b3 Na8 21. Nd5
Nc7 22. Nxf6+ Qxf6 23. fxe5 Qxf2+ 24. Rxf2 Nce6 25. Rcf1 h6 26. b4 cxb4 27.
Bxe6 Nxe6 28. d4 Rc3 29. Bd2 Nxd4 30. Bxc3 bxc3 31. Kg2 Rc8 32. Rxf7 c2 33. Rd7
Ne2 34. Rff7 c1=Q 35. Rxg7+ Kh8 36. Rh7+ Kg8 37. Rhg7+  1/2-1/2

[Event "Open Letní Praha 2018 - A"]
[Site "Praha"]
[Date "2018.08.07"]
[Round "6"]
[Board "8"]
[White "Hess, Max"]
[Black "Kizatbay, Abyl"]
[Result "1-0"]
[WhiteElo "2331"]
[BlackElo "2205"]
[PlyCount "111"]
[EventDate "2018.08.03"]
[EventRounds "9"]
[EventCountry "CZE"]

1. c4 g6 2. g3 Bg7 3. Bg2 c5 4. Nc3 Nf6 5. a3 Nc6 6. Rb1 O-O 7. b4 d6 8. Nf3
Bf5 9. d3 d5 10. Nxd5 Nxd5 11. cxd5 Qxd5 12. bxc5 Qxc5 13. Rxb7 Bc3+ 14. Nd2
Na5 15. Rb1 Rab8 16. O-O Rxb1 17. Nxb1 Bd4 18. e3 Bf6 19. d4 Qc4 20. Nd2 Qc7
21. e4 Bd7 22. Nf3 Rc8 23. Bf4 Qc3 24. e5 Bg7 25. d5 e6 26. h4 Qxa3 27. Qd4 Nb3
28. Qd3 Qa4 29. Rb1 Nc5 30. Qd2 exd5 31. Qxd5 Be6 32. Qd2 Ne4 33. Qe3 Nc3 34.
Rc1 Nd5 35. Rxc8+ Bxc8 36. Qc1 Qd7 37. Bh6 Bh8 38. Ng5 Qc7 39. Qa3 Ne7 40. Bd5
Bg7 41. Bxf7+ Kh8 42. Bxg7+ Kxg7 43. e6 Bb7 44. Qb2+ Kh6 45. Be8 Kh5 46. Qe2+
Kh6 47. Nf7+ Kg7 48. Qb2+ Kf8 49. Ng5 Ng8 50. Bd7 h6 51. Nh7+ Ke7 52. Qg7+ Kd6
53. Qd4+ Ke7 54. Qg7+ Kd6 55. Qf8+ Ke5 56. Qf4+  1-0

[Event "Open Letní Praha 2018 - A"]
[Site "Praha"]
[Date "2018.08.07"]
[Round "6"]
[Board "9"]
[White "Hrdina, Robin"]
[Black "Kulhanek, Tomas"]
[Result "1/2-1/2"]
[WhiteElo "2219"]
[BlackElo "2314"]
[PlyCount "140"]
[EventDate "2018.08.03"]
[EventRounds "9"]
[EventCountry "CZE"]

1. e4 c5 2. Nf3 g6 3. c4 Bg7 4. Nc3 Nc6 5. g3 d6 6. Bg2 e5 7. O-O Nge7 8. d3 f5
9. Ne1 O-O 10. f4 Rb8 11. Nf3 a6 12. a4 exf4 13. Bxf4 h6 14. Qd2 g5 15. Be3 Be6
16. Nd5 fxe4 17. dxe4 Ng6 18. Rad1 Nge5 19. Nxe5 Nxe5 20. Rxf8+ Qxf8 21. Rf1
Qd8 22. b3 b5 23. axb5 axb5 24. Qc2 bxc4 25. bxc4 Rb2 26. Qa4 Qd7 27. Qa8+ Kh7
28. Nf6+ Bxf6 29. Rxf6 Rb1+ 30. Rf1 Rxf1+ 31. Bxf1 Qf7 32. Qa2 Bxc4 33. Bxc4
Qxc4 34. Qxc4 Nxc4 35. Bc1 Ne5 36. Kf1 Kg6 37. Ke2 Kf7 38. h4 gxh4 39. gxh4 h5
40. Bg5 Ke6 41. Bh6 d5 42. exd5+ Kxd5 43. Bg7 Ke4 44. Bf6 Nf3 45. Kd1 Kd3 46.
Kc1 Ng1 47. Kb1 Ne2 48. Kb2 c4 49. Bg5 c3+ 50. Kb1 Nd4 51. Kc1 Nf3 52. Be7 Kc4
53. Kc2 Nd4+ 54. Kc1 Kb3 55. Bg5 c2 56. Kd2 Nf3+ 57. Kc1 Kc3 58. Bd8 Kd3 59.
Bf6 Nd2 60. Bg5 Ne4 61. Bh6 Kc3 62. Bd2+ Kb3 63. Bg5 Nc3 64. Kd2 Na2 65. Kd3
c1=R 66. Bxc1 Nxc1+ 67. Ke4 Kc4 68. Kf4 Ne2+ 69. Kg5 Ng3 70. Kf4 Nf1  1/2-1/2

[Event "Open Letní Praha 2018 - A"]
[Site "Praha"]
[Date "2018.08.07"]
[Round "6"]
[Board "10"]
[White "Skalsky, Alexandr"]
[Black "Rubes, Jan"]
[Result "0-1"]
[WhiteElo "2177"]
[BlackElo "2306"]
[PlyCount "136"]
[EventDate "2018.08.03"]
[EventRounds "9"]
[EventCountry "CZE"]

1. e4 c5 2. Nf3 d6 3. d4 cxd4 4. Nxd4 Nf6 5. Nc3 a6 6. Bg5 Nbd7 7. Qe2 h6 8.
Bh4 g6 9. f4 e5 10. fxe5 dxe5 11. O-O-O Qc7 12. Nb3 b5 13. Rxd7 Nxd7 14. Nd5
Qb8 15. Na5 Bc5 16. Qf3 O-O 17. b4 Bb6 18. Be7 Bxa5 19. Bxf8 Kxf8 20. bxa5 Bb7
21. Qh3 Bxd5 22. Qxh6+ Kg8 23. exd5 Qd6 24. Bd3 Nc5 25. Rd1 e4 26. Be2 Rc8 27.
Qh3 Nd7 28. Qe3 Nc5 29. Bg4 f5 30. Bxf5 gxf5 31. Qg5+ Kh8 32. Qxf5 Rf8 33. Qh5+
Kg7 34. Qg5+ Kh7 35. Kb1 Na4 36. Qh4+ Kg7 37. Qg5+ Qg6 38. Qe7+ Kg8 39. Re1 Qf6
40. Qxf6 Rxf6 41. Kc1 Nc5 42. Kd2 Kf7 43. c4 Ke7 44. cxb5 axb5 45. Rb1 Kd6 46.
Rxb5 Rf2+ 47. Ke3 Rxa2 48. g4 Kxd5 49. h4 Ra3+ 50. Kf4 Rf3+ 51. Kg5 e3 52. a6
e2 53. Rb1 Ne6+ 54. Kg6 Rf1 55. Rb5+ Nc5 56. a7 Ra1 57. Rb1 Ra6+ 58. Kg5 Ke4
59. h5 Ne6+ 60. Kf6 Kf4 61. a8=Q Rxa8 62. Kxe6 Kxg4 63. h6 Ra6+ 64. Kd5 Rxh6
65. Kd4 Kf3 66. Kd3 Rd6+ 67. Kc2 Kf2 68. Rb6 Rxb6  0-1

[Event "Open Letní Praha 2018 - A"]
[Site "Praha"]
[Date "2018.08.07"]
[Round "6"]
[Board "11"]
[White "Yakimenko, Alexander A."]
[Black "Mirzoeva, Elmira"]
[Result "0-1"]
[WhiteElo "2069"]
[BlackElo "2290"]
[PlyCount "71"]
[EventDate "2018.08.03"]
[EventRounds "9"]
[EventCountry "CZE"]

1. e4 d6 2. f4 e5 3. Nf3 exf4 4. Bc4 h6 5. Nc3 Nc6 6. O-O Nge7 7. d4 g5 8. g3
Bg7 9. gxf4 g4 10. d5 Na5 11. Bd3 gxf3 12. Qxf3 c5 13. e5 c4 14. Ne4 Nf5 15.
Qh5 Kf8 16. Be2 Rg8 17. Kh1 dxe5 18. Bd2 Qxd5 19. Bf3 Qb5 20. Nc3 Qd7 21. Rad1
Nc6 22. Nb5 Qe7 23. fxe5 Be6 24. Nd6 Nxd6 25. exd6 Qxd6 26. Bxh6 Qe5 27. Qh4
Bxh6 28. Qxh6+ Qg7 29. Qf4 Qg5 30. Qc7 Qe7 31. Qf4 Qg5 32. Qd6+ Qe7 33. Qf4 Rd8
34. Qh6+ Ke8 35. Qh7 Qg5 36. Rde1  0-1

[Event "Open Letní Praha 2018 - A"]
[Site "Praha"]
[Date "2018.08.07"]
[Round "6"]
[Board "12"]
[White "Phadke, Sohan"]
[Black "Ciolek, Andreas"]
[Result "1-0"]
[WhiteElo "2245"]
[BlackElo "2216"]
[PlyCount "63"]
[EventDate "2018.08.03"]
[EventRounds "9"]
[EventCountry "CZE"]

1. d4 Nf6 2. Bf4 g6 3. Nc3 d5 4. e3 Bg7 5. h4 h5 6. Nf3 c5 7. Nb5 Na6 8. c3 O-O
9. Be2 Bd7 10. a4 c4 11. Ne5 Bxb5 12. axb5 Nc7 13. g4 hxg4 14. Bxg4 Nxg4 15.
Qxg4 Qc8 16. Qg3 Qf5 17. h5 gxh5 18. O-O-O Ne6 19. Rdg1 f6 20. Bh6 fxe5 21.
Bxg7 Rfd8 22. Qxe5 Qxe5 23. Bxe5+ Kf7 24. Rxh5 Ke8 25. Bh2 Kf7 26. Rf5+ Ke8 27.
Rg8+ Kd7 28. Rxd5+ Kc8 29. Rgxd8+ Nxd8 30. Rc5+ Kd7 31. Rxc4 Ne6 32. d5  1-0

[Event "Open Letní Praha 2018 - A"]
[Site "Praha"]
[Date "2018.08.07"]
[Round "6"]
[Board "13"]
[White "Dave, Dhyani"]
[Black "Yagupov, Igor"]
[Result "0-1"]
[WhiteElo "2114"]
[BlackElo "2405"]
[PlyCount "122"]
[EventDate "2018.08.03"]
[EventRounds "9"]
[EventCountry "CZE"]

1. e4 c5 2. Nf3 e6 3. d3 Nc6 4. g3 g6 5. Bg2 Bg7 6. O-O Nge7 7. c3 e5 8. Be3 d6
9. Na3 O-O 10. d4 exd4 11. cxd4 d5 12. exd5 Nxd5 13. Nc2 Nxe3 14. fxe3 Bf5 15.
Rf2 Bxc2 16. Rxc2 cxd4 17. Nxd4 Nxd4 18. exd4 Bxd4+ 19. Kh1 Qb6 20. Rb1 Rad8
21. Qf3 Rd7 22. b3 Re8 23. Re2 Rxe2 24. Qxe2 Kg7 25. Rf1 Qd8 26. Rd1 b6 27. Bf3
Qf6 28. Bg2 Re7 29. Qf3 Qd6 30. Qd5 Qb4 31. Rf1 h5 32. Qf3 Qa3 33. Qd3 Qc5 34.
Qf3 a5 35. a4 f5 36. Qd3 Re3 37. Qc4 Qe5 38. Qd5 Kf6 39. Qc4 Re1 40. Rxe1 Qxe1+
41. Qf1 Qe3 42. Qd1 Kg5 43. h4+ Kh6 44. Kh2 f4 45. Qf3 fxg3+ 46. Kxg3 Qe1+ 47.
Kh3 Qe6+ 48. Kg3 Be5+ 49. Kf2 Qd6 50. Qe3+ Kh7 51. Qe4 Qd2+ 52. Kf1 Qd1+ 53.
Kf2 Bd4+ 54. Kg3 Qxb3+ 55. Bf3 Qxa4 56. Qe7+ Bg7 57. Be4 Qd4 58. Kh3 Qf6 59.
Qe8 b5 60. Kg2 b4 61. Bd5 Qxh4  0-1

[Event "Open Letní Praha 2018 - A"]
[Site "Praha"]
[Date "2018.08.07"]
[Round "6"]
[Board "14"]
[White "Yandarbiev, Ruslan"]
[Black "Krupicka, Josef"]
[Result "1-0"]
[WhiteElo "2314"]
[BlackElo "2059"]
[PlyCount "43"]
[EventDate "2018.08.03"]
[EventRounds "9"]
[EventCountry "CZE"]

1. e4 c6 2. d4 d5 3. e5 Bf5 4. Nf3 e6 5. Be2 Nd7 6. O-O h6 7. Nbd2 Ne7 8. Nb3
g5 9. Ne1 Rg8 10. a4 a5 11. Nd3 Qc7 12. Bd2 Ng6 13. Rc1 f6 14. Re1 fxe5 15.
Nxe5 Ngxe5 16. dxe5 c5 17. Bh5+ Kd8 18. Bg4 Be7 19. Bxf5 exf5 20. Bxa5 Rxa5 21.
Qxd5 Rg6 22. Nxa5  1-0

[Event "Open Letní Praha 2018 - A"]
[Site "Praha"]
[Date "2018.08.07"]
[Round "6"]
[Board "15"]
[White "Marczuk, Dominik"]
[Black "Plasil, Petr"]
[Result "1-0"]
[WhiteElo "2290"]
[BlackElo "2008"]
[PlyCount "63"]
[EventDate "2018.08.03"]
[EventRounds "9"]
[EventCountry "CZE"]

1. b3 d5 2. Bb2 c5 3. e3 Nf6 4. Nf3 a6 5. Be2 Nc6 6. d4 cxd4 7. Nxd4 e6 8. O-O
Bd6 9. c4 e5 10. cxd5 Ne7 11. Nf3 e4 12. Nd4 Qc7 13. h3 Nexd5 14. Nd2 O-O 15.
Rc1 Qb8 16. Nc4 Be7 17. a3 Bd7 18. b4 Rd8 19. Qb3 Qc7 20. Na5 Qb8 21. Bc4 Be8
22. Nf5 Bf8 23. Rfd1 Ne7 24. Rxd8 Qxd8 25. Nxb7 Qb6 26. Nfd6 Nf5 27. Bxf7+ Kh8
28. Nxf5 Qxb7 29. Bxe8 Nxe8 30. Rd1 Nf6 31. Bxf6 gxf6 32. Qe6  1-0

[Event "Open Letní Praha 2018 - A"]
[Site "Praha"]
[Date "2018.08.07"]
[Round "6"]
[Board "16"]
[White "Kaderabek, Jiri"]
[Black "Jedlicka, Ales"]
[Result "1/2-1/2"]
[WhiteElo "2104"]
[BlackElo "2253"]
[PlyCount "87"]
[EventDate "2018.08.03"]
[EventRounds "9"]
[EventCountry "CZE"]

1. e4 c5 2. Nf3 d6 3. d4 cxd4 4. Nxd4 Nf6 5. Nc3 a6 6. Be3 e5 7. Nb3 Be6 8. h3
Be7 9. Qd2 Nbd7 10. g4 O-O 11. O-O-O b5 12. Bg2 b4 13. Nd5 Bxd5 14. exd5 a5 15.
Kb1 a4 16. Nc1 Qa5 17. g5 Nh5 18. Qe2 g6 19. Bf3 Ng7 20. Bg4 Nc5 21. f4 a3 22.
Nb3 Nxb3 23. cxb3 axb2 24. Qxb2 f6 25. h4 Qa3 26. Qxa3 bxa3 27. fxe5 fxe5 28.
Rd3 Nf5 29. Bc1 Nd4 30. h5 gxh5 31. Bxh5 Rf2 32. Bd1 Bf8 33. Rd2 Rxd2 34. Bxd2
Rb8 35. Bc1 Nb5 36. Rh3 Bg7 37. Be2 e4 38. Bxb5 Rxb5 39. Re3 Rxd5 40. Rxe4 Rd1
41. Kc2 Rg1 42. Bxa3 Rg2+ 43. Kd3 Rxg5 44. Bb4  1/2-1/2

[Event "Open Letní Praha 2018 - A"]
[Site "Praha"]
[Date "2018.08.07"]
[Round "6"]
[Board "17"]
[White "Koubova, Anna Marie"]
[Black "Svanda, Ondrej"]
[Result "0-1"]
[WhiteElo "2086"]
[BlackElo "2241"]
[PlyCount "74"]
[EventDate "2018.08.03"]
[EventRounds "9"]
[EventCountry "CZE"]

1. d4 Nf6 2. c4 e6 3. Nf3 Bb4+ 4. Bd2 Qe7 5. g3 Nc6 6. Bg2 Bxd2+ 7. Nbxd2 O-O
8. O-O d6 9. e4 e5 10. d5 Nb8 11. b4 a5 12. a3 Na6 13. Qb3 Bd7 14. Rfe1 c6 15.
Rac1 Rfc8 16. Rc3 Ra7 17. Rec1 axb4 18. axb4 c5 19. b5 Nb4 20. Ne1 Rca8 21. Rb1
Ra2 22. Qd1 Qd8 23. Nc2 Nxc2 24. Rxc2 R2a3 25. Nb3 Qb8 26. f4 Qe8 27. f5 R8a4
28. g4 Qd8 29. g5 Ne8 30. Qg4 f6 31. h4 Qa8 32. Rc3 Rb4 33. Bf3 Bxb5 34. cxb5
c4 35. Bd1 cxb3 36. Rcxb3 Qa7+ 37. Kg2 Raxb3  0-1

[Event "Open Letní Praha 2018 - A"]
[Site "Praha"]
[Date "2018.08.07"]
[Round "6"]
[Board "18"]
[White "Kong, Ren En"]
[Black "Chudinovskikh, Alexander M"]
[Result "0-1"]
[WhiteElo "2048"]
[BlackElo "2211"]
[PlyCount "78"]
[EventDate "2018.08.03"]
[EventRounds "9"]
[EventCountry "CZE"]

1. c4 c5 2. Nc3 g6 3. g3 Bg7 4. Bg2 Nc6 5. d3 Nf6 6. e4 d6 7. Nge2 O-O 8. O-O
Rb8 9. a4 a6 10. h3 Ne8 11. Be3 Nc7 12. d4 cxd4 13. Nxd4 Ne6 14. Nde2 Nc5 15.
Rb1 Nb4 16. f4 f5 17. Bxc5 dxc5 18. e5 e6 19. Qb3 Bd7 20. Rbd1 Qc7 21. Nc1 Nc6
22. Nd5 exd5 23. cxd5 c4 24. d6 Qc8 25. Qxc4+ Kh8 26. Nd3 b5 27. Qc5 Nd8 28.
Rc1 Ne6 29. Qa7 Qe8 30. Bd5 Rd8 31. Nb4 g5 32. Nxa6 gxf4 33. Bxe6 Qxe6 34. gxf4
Rg8 35. Kf2 Ra8 36. Qb6 Qh6 37. Qe3 Rxa6 38. Rc7 Rxa4 39. Rxd7 Rxf4+  0-1

[Event "Open Letní Praha 2018 - A"]
[Site "Praha"]
[Date "2018.08.07"]
[Round "6"]
[Board "19"]
[White "Sprenar, Petr"]
[Black "Kornitzky, Tino"]
[Result "1/2-1/2"]
[WhiteElo "2210"]
[BlackElo "2036"]
[PlyCount "39"]
[EventDate "2018.08.03"]
[EventRounds "9"]
[EventCountry "CZE"]

1. d4 Nf6 2. c4 e6 3. g3 d5 4. Nf3 Bb4+ 5. Bd2 Be7 6. Bg2 O-O 7. O-O c6 8. Qc2
Nbd7 9. b3 b6 10. Bc3 Ba6 11. Nbd2 c5 12. Ne5 Rc8 13. Nxd7 Qxd7 14. dxc5 Rxc5
15. Rfd1 Qc8 16. Bd4 Rc7 17. Be5 Rc5 18. Bd4 Rc7 19. Be5 Rc5 20. Bd4  1/2-1/2

[Event "Open Letní Praha 2018 - A"]
[Site "Praha"]
[Date "2018.08.07"]
[Round "6"]
[Board "20"]
[White "Chmel, Kristian"]
[Black "Karthick, Narayanan S"]
[Result "0-1"]
[WhiteElo "2166"]
[BlackElo "1979"]
[PlyCount "124"]
[EventDate "2018.08.03"]
[EventRounds "9"]
[EventCountry "CZE"]

1. e4 c5 2. Nf3 Nc6 3. Bb5 Nd4 4. Nxd4 cxd4 5. O-O a6 6. Bc4 e6 7. d3 b5 8. Bb3
Bb7 9. a4 Bc5 10. Nd2 Ne7 11. axb5 axb5 12. Rxa8 Bxa8 13. Qh5 Qb6 14. f4 O-O
15. f5 exf5 16. Nf3 Qg6 17. Qh4 d5 18. e5 Qg4 19. Qe1 Bc6 20. h3 Qh5 21. Kh1 h6
22. c3 dxc3 23. d4 cxb2 24. Bxb2 Bb6 25. Nh4 Ba5 26. Qf2 f6 27. e6 Qe8 28. Ba3
b4 29. Bc1 Bb5 30. Rg1 Bd3 31. Bxh6 Be4 32. Bd2 g5 33. Nf3 Nc6 34. Rc1 Qxe6 35.
Be1 f4 36. Qa2 Nxd4 37. Nxd4 Qxh3+ 38. Kg1 Qe3+ 39. Kf1 Bd3+ 40. Ne2 Bxe2+ 41.
Qxe2 Qxc1 42. Bxd5+ Kh8 43. Qe7 Qc8 44. Bf2 Qd8 45. Qe6 Qc8 46. Qe7 Qe8 47. Qc5
Qd8 48. Be4 Re8 49. Qf5 Rxe4 50. Qxe4 Kg7 51. Bd4 Qd7 52. Qd3 Qc6 53. Bb2 Bc7
54. Qf5 Be5 55. Bxe5 Qb5+ 56. Kf2 Qxe5 57. Qd7+ Kg6 58. Qd3+ f5 59. Qa6+ Kh5
60. g4+ Kxg4 61. Qh6 Qe3+ 62. Kg2 f3+  0-1

[Event "Open Letní Praha 2018 - A"]
[Site "Praha"]
[Date "2018.08.07"]
[Round "6"]
[Board "21"]
[White "Engesser, Jonas"]
[Black "Plesek, Jiri"]
[Result "0-1"]
[WhiteElo "2007"]
[BlackElo "2165"]
[PlyCount "80"]
[EventDate "2018.08.03"]
[EventRounds "9"]
[EventCountry "CZE"]

1. e4 c6 2. d4 d5 3. exd5 cxd5 4. c4 Nf6 5. Nc3 Nc6 6. Bg5 dxc4 7. d5 Na5 8.
Qd4 Qb6 9. O-O-O Qxd4 10. Rxd4 e5 11. dxe6 Bxe6 12. Nb5 Bc5 13. Nc7+ Ke7 14.
Re4 Rad8 15. Nxe6 fxe6 16. Bxc4 Nxc4 17. Rxc4 Bxf2 18. Rc7+ Rd7 19. Rxd7+ Kxd7
20. Nh3 Rc8+ 21. Kb1 Bb6 22. Rf1 Ke7 23. Nf4 Kf7 24. Nd3 Bd4 25. Re1 Nd7 26.
Bf4 Kf6 27. Rf1 Kg6 28. Re1 Kf5 29. Bg3 e5 30. Rf1+ Ke6 31. Re1 g5 32. h4 Rg8
33. Re2 gxh4 34. Bxh4 Nb6 35. Be1 Nd5 36. Kc1 Kf5 37. g3 e4 38. Nf2 Re8 39. Kb1
Be3 40. Nd1 Rc8  0-1

[Event "Open Letní Praha 2018 - A"]
[Site "Praha"]
[Date "2018.08.07"]
[Round "6"]
[Board "22"]
[White "Itgelt, Khuyagtsogt"]
[Black "Gokhale, Rishabh Chandrashekhar"]
[Result "0-1"]
[WhiteElo "2119"]
[BlackElo "1867"]
[PlyCount "66"]
[EventDate "2018.08.03"]
[EventRounds "9"]
[EventCountry "CZE"]

1. d4 Nf6 2. c4 c5 3. d5 b5 4. cxb5 a6 5. bxa6 Bxa6 6. Nc3 d6 7. e4 Bxf1 8.
Kxf1 g6 9. g3 Bg7 10. Kg2 O-O 11. Nf3 Nbd7 12. a4 Qb6 13. Qe2 Qa6 14. Nb5 Rfb8
15. Ra3 Ne8 16. Re1 Qb7 17. Nd2 Nc7 18. Nc3 Qa6 19. Nc4 Rb4 20. Nb5 Rc8 21. Bd2
Rxa4 22. Rea1 Rxa3 23. Nxc7 Rxg3+ 24. hxg3 Qxa1 25. Nb5 Ne5 26. Na5 Qxb2 27. f4
Nc4 28. Na7 Nxa5 29. Nxc8 Nb3 30. Qb5 Nxd2 31. Nxe7+ Kf8 32. Qd7 Nxe4+ 33. Kf3
Qf2+  0-1

[Event "Open Letní Praha 2018 - A"]
[Site "Praha"]
[Date "2018.08.07"]
[Round "6"]
[Board "23"]
[White "Kucera, Tomas"]
[Black "Novacek, Josef"]
[Result "1-0"]
[WhiteElo "1917"]
[BlackElo "2159"]
[PlyCount "111"]
[EventDate "2018.08.03"]
[EventRounds "9"]
[EventCountry "CZE"]

1. e4 c5 2. Nf3 d6 3. d4 cxd4 4. Nxd4 Nf6 5. Nc3 a6 6. g3 b5 7. Bg2 Bb7 8. O-O
e6 9. Re1 Qc7 10. a4 bxa4 11. Rxa4 Nbd7 12. Nb3 Nb6 13. Ra2 Rd8 14. Na5 Ba8 15.
Qe2 d5 16. Qxa6 Bc5 17. Nb3 Be7 18. Nb5 Qb8 19. Qa7 Qxa7 20. Rxa7 dxe4 21. Nc7+
Kf8 22. Be3 Nfd5 23. Nxa8 Nxa8 24. Bxe4 Nxe3 25. Rxe3 Nb6 26. Rc3 Nc8 27. Ra8
Nd6 28. Rxd8+ Bxd8 29. Bd3 Ke7 30. Nc5 f5 31. Kg2 e5 32. f3 Bb6 33. Na4 Bd8 34.
Rc5 Ke6 35. Rc6 Kd7 36. Ra6 e4 37. fxe4 fxe4 38. Nc5+ Kc7 39. Nxe4 Nxe4 40.
Bxe4 Bf6 41. b3 h5 42. h4 Re8 43. Kf3 Bd4 44. Ra5 Be5 45. Bg6 Rf8+ 46. Kg2 Kd6
47. Bxh5 Bc3 48. Rb5 Kc6 49. Be2 Be1 50. Kh3 Re8 51. Bd3 Re3 52. Rg5 Bc3 53.
Rg4 Be5 54. b4 Kd6 55. Kg2 Re1 56. b5  1-0

[Event "Open Letní Praha 2018 - A"]
[Site "Praha"]
[Date "2018.08.07"]
[Round "6"]
[Board "24"]
[White "Zemlicka, Vit"]
[Black "Vanek, Ladislav"]
[Result "0-1"]
[WhiteElo "1975"]
[BlackElo "2271"]
[PlyCount "86"]
[EventDate "2018.08.03"]
[EventRounds "9"]
[EventCountry "CZE"]

1. e4 b6 2. d4 Bb7 3. Bd3 e6 4. Qe2 Nf6 5. Nf3 d5 6. e5 Ne4 7. Nbd2 Nxd2 8.
Bxd2 c5 9. c3 Qc8 10. b4 Ba6 11. b5 c4 12. Bxh7 Rxh7 13. Ng5 Rh8 14. Qf3 Qd7
15. bxa6 Ba3 16. O-O Nxa6 17. Qg4 O-O-O 18. f4 g6 19. Bc1 Bxc1 20. Rfxc1 Nc7
21. a4 Kb7 22. Rcb1 Rb8 23. Qe2 Ka8 24. Qb2 Rb7 25. Qa3 Rhb8 26. Rb2 b5 27.
axb5 Nxb5 28. Qa5 Qc6 29. Rab1 Qb6 30. Qa1 Qc7 31. Nf3 Rb6 32. Ne1 R8b7 33. Nc2
Qb8 34. Ra2 Nc7 35. Nb4 Qd8 36. Rc1 Qh4 37. g3 Qh5 38. Kg2 Qf5 39. Qb1 Qxb1 40.
Rxb1 Nb5 41. Na6 Nxc3 42. Rxb6 Rxb6 43. Rc2 Nb5  0-1